[Event "Aruba op"]
[Site "Aruba"]
[Date "2017.10.07"]
[Round "5"]
[White "Hodgson, Norman"]
[Black "Tjon A Hung, Edwin"]
[Result "1/2-1/2"]
[WhiteElo "1702"]
[BlackElo "1754"]
[PlyCount "28"]
[EventDate "2017.10.05"]
[EventType "swiss"]
[EventRounds "7"]
[EventCountry "ARN"]
[SourceTitle "CBM 181 Extra"]
[Source "ChessBase"]
[SourceDate "2017.12.12"]
[SourceVersion "1"]
[SourceVersionDate "2017.12.12"]
[SourceQuality "1"]

1. e4 e5 2. Nf3 Nf6 3. d3 d6 4. Be2 Be7 5. 0-0 0-0 6. Re1 Nc6 7. c3 Bg4 8. Nbd2 d5 9. exd5 Nxd5 10. Ne4 Bxf3 11. Bxf3 Nf4 12. d4 Bd6 13. Nxd6 cxd6 14. dxe5 dxe5 1/2-1/2

[Event "Aruba op"]
[Site "Aruba"]
[Date "2017.10.05"]
[Round "1"]
[White "Hodgson, Norman"]
[Black "Mora Moron, Jose Ramon"]
[Result "0-1"]
[WhiteElo "1702"]
[BlackElo "2139"]
[PlyCount "46"]
[EventDate "2017.10.05"]
[EventType "swiss"]
[EventRounds "7"]
[EventCountry "ARN"]
[SourceTitle "CBM 181 Extra"]
[Source "ChessBase"]
[SourceDate "2017.12.12"]
[SourceVersion "1"]
[SourceVersionDate "2017.12.12"]
[SourceQuality "1"]

1. e4 d5 2. exd5 Qxd5 3. Nc3 Qd6 4. d4 Nf6 5. Be2 g6 6. Nf3 Bg7 7. h3 0-0 8. Be3 a6 9. Qd2 Re8 10. Ne5 Be6 11. 0-0 Nbd7 12. f4 Rad8 13. Rad1 b5 14. Bf3 b4 15. Ne4 Bd5 16. c4 bxc3 17. Nxc3 Bxf3 18. Rxf3 e6 19. Qf2 Nb6 20. g4 Nfd5 21. Nxd5 Nxd5 22. Nc4 Qc6 23. Rc1 Nxe3 0-1

[Event "Olympiad-42"]
[Site "Baku"]
[Date "2016.09.11"]
[Round "9.3"]
[White "Psaila, Clarence"]
[Black "Hodgson, Norman"]
[Result "1-0"]
[WhiteElo "2057"]
[BlackElo "1831"]
[PlyCount "67"]
[EventDate "2016.09.02"]
[EventType "team-swiss"]
[EventRounds "11"]
[EventCountry "AZE"]
[SourceTitle "CBM 175"]
[Source "ChessBase"]
[SourceDate "2016.11.10"]
[SourceVersion "1"]
[SourceVersionDate "2016.11.10"]
[SourceQuality "1"]
[WhiteTeam "Malta"]
[BlackTeam "Netherlands Antilles"]
[WhiteTeamCountry "MLT"]
[BlackTeamCountry "AHO"]

1. e4 d6 2. d4 g6 3. Nc3 Bg7 4. Be3 Nf6 5. h3 0-0 6. Nf3 Nc6 7. Qd2 a6 8. Bd3 b5 9. a4 b4 10. Nd5 a5 11. Nxf6+ exf6 12. 0-0 Ne7 13. Bh6 f5 14. Bxg7 Kxg7 15. c3 fxe4 16. Bxe4 d5 17. Bd3 Rb8 18. Ne5 f6 19. Ng4 Bxg4 20. hxg4 Qd6 21. Rfe1 f5 22. Qg5 Rf6 23. Qe3 Rf7 24. g5 bxc3 25. bxc3 Nc6 26. Qe6 Rb3 27. Qxd6 cxd6 28. Rac1 Nxd4 29. Red1 Ne6 30. Bb5 Nc7 31. c4 dxc4 32. Bxc4 Rb7 33. Bxf7 Kxf7 34. Rxd6 1-0

[Event "Olympiad-42"]
[Site "Baku"]
[Date "2016.09.03"]
[Round "2.3"]
[White "Hodgson, Norman"]
[Black "Ben Ammar, Mohamed"]
[Result "0-1"]
[WhiteElo "1831"]
[BlackElo "1929"]
[PlyCount "84"]
[EventDate "2016.09.02"]
[EventType "team-swiss"]
[EventRounds "11"]
[EventCountry "AZE"]
[SourceTitle "CBM 175"]
[Source "ChessBase"]
[SourceDate "2016.11.10"]
[SourceVersion "1"]
[SourceVersionDate "2016.11.10"]
[SourceQuality "1"]
[WhiteTeam "Netherlands Antilles"]
[BlackTeam "Tunisia"]
[WhiteTeamCountry "AHO"]
[BlackTeamCountry "TUN"]

1. c3 Nf6 2. e3 g6 3. Nf3 Bg7 4. Be2 d6 5. 0-0 0-0 6. d4 Nbd7 7. Nbd2 e5 8. dxe5 dxe5 9. Qc2 Qe7 10. e4 b6 11. Nb3 Bb7 12. Bd3 h6 13. h3 a5 14. a4 Qe6 15. Be3 Rad8 16. Nbd2 Nh5 17. Nh4 Qe7 18. Ndf3 Nc5 19. Bxc5 Qxc5 20. Rad1 Nf4 21. Rfe1 Bc6 22. b3 Rd7 23. Bf1 Rfd8 24. Rxd7 Rxd7 25. g3 Ne6 26. Bc4 Qe7 27. Kh2 Kh8 28. Re3 Nc5 29. Kg2 Kh7 30. Kh2 Bf6 31. Kg2 Bxh4 32. Nxh4 Nxe4 33. Nf3 Ng5 34. Be2 Qd8 35. Kh2 Nxf3+ 36. Bxf3 Rd2 37. Rd3 Rxc2 38. Rxd8 Bxf3 39. Rd7 Kg7 40. Rxc7 h5 41. c4 Rc1 42. g4 h4 0-1

[Event "Olympiad-40"]
[Site "Istanbul"]
[Date "2012.09.05"]
[Round "8.4"]
[White "Hodgson, Norman"]
[Black "Nielsen, Rogvi Egilstoft"]
[Result "0-1"]
[WhiteElo "1824"]
[BlackElo "2203"]
[PlyCount "54"]
[EventDate "2012.08.28"]
[EventType "team-swiss"]
[EventRounds "11"]
[EventCountry "TUR"]
[SourceTitle "CBM 151"]
[Source "ChessBase"]
[SourceDate "2012.11.13"]
[SourceVersion "1"]
[SourceVersionDate "2012.11.13"]
[SourceQuality "1"]
[WhiteTeam "Netherlands Antilles"]
[BlackTeam "Faroe Islands"]
[WhiteTeamCountry "AHO"]
[BlackTeamCountry "FAI"]

1. g3 Nf6 2. Bg2 e5 3. e3 d5 4. Nc3 c5 5. Nge2 Nc6 6. 0-0 Bg4 7. h3 Be6 8. d3 Qd7 9. Kh2 h5 10. e4 h4 11. exd5 hxg3+ 12. fxg3 Nxd5 13. Ng1 Nxc3 14. bxc3 0-0-0 15. Bd2 Bd6 16. c4 e4 17. Bf4 exd3 18. cxd3 Bxf4 19. Rxf4 Qxd3 20. Qxd3 Rxd3 21. Nf3 f6 22. Nh4 Rd2 23. Nf5 Ne5 24. Rb1 g5 25. Rff1 Bxf5 26. Rxf5 Ng4+ 27. Kg1 Rxg2+ 0-1

[Event "Olympiad-40"]
[Site "Istanbul"]
[Date "2012.08.30"]
[Round "3.4"]
[White "Thompson, Edward Nii Lamptey"]
[Black "Hodgson, Norman"]
[Result "0-1"]
[WhiteElo "1834"]
[BlackElo "1824"]
[PlyCount "100"]
[EventDate "2012.08.28"]
[EventType "team-swiss"]
[EventRounds "11"]
[EventCountry "TUR"]
[SourceTitle "CBM 151"]
[Source "ChessBase"]
[SourceDate "2012.11.13"]
[SourceVersion "1"]
[SourceVersionDate "2012.11.13"]
[SourceQuality "1"]
[WhiteTeam "Ghana"]
[BlackTeam "Netherlands Antilles"]
[WhiteTeamCountry "GHA"]
[BlackTeamCountry "AHO"]

1. e4 g6 2. d4 Bg7 3. c4 d6 4. Nc3 Nc6 5. Be3 e6 6. Nf3 Nge7 7. Be2 0-0 8. 0-0 f5 9. Qd2 fxe4 10. Nxe4 Nf5 11. Bg5 Qe8 12. Be3 Bd7 13. Nc3 a6 14. d5 Nxe3 15. fxe3 Ne7 16. e4 e5 17. b4 Rd8 18. Rab1 c6 19. Rf2 cxd5 20. cxd5 b5 21. a4 Rc8 22. axb5 axb5 23. Qd3 Rb8 24. Ra1 Nc8 25. Ra5 Bh6 26. Rf1 Qe7 27. Nxb5 Bxb5 28. Rxb5 Qa7+ 29. Kh1 Nb6 30. Ra5 Qc7 31. Raa1 Ra8 32. Qb3 Qb7 33. Bb5 Rxa1 34. Rxa1 Ra8 35. Rb1 Qc7 36. Bc6 Rb8 37. b5 Nd7 38. Ra1 Nc5 39. Qc4 Qb6 40. g3 Qc7 41. Kg2 Qf7 42. Rb1 Qa7 43. Rb2 Qa3 44. Ra2 Qe3 45. Re2 Qa3 46. Qc2 Rf8 47. Ne1 Qb4 48. Qb2 Qc4 49. b6 Nxe4 50. Rc2 Qf1# 0-1